[Event "Fagernes GM Swiss 2020"]
[Site "Fagernes"]
[Date "2020.10.06"]
[Round "4.19"]
[White "Nilsen, Tobias Lang"]
[Black "Sorensen, Simen"]
[Result "1/2-1/2"]
[WhiteElo "2146"]
[BlackElo "2047"]
[Annotator "ChessBase"]
[PlyCount "68"]
[EventDate "2020.10.04"]
[EventType "swiss"]
[EventCountry "NOR"]
[SourceTitle "playchess.com"]
[Source "ChessBase"]
[SourceQuality "1"]
[TimeControl "40/6000+30:2400+30"]

1. e4 {[%emt 0:00:00]} c5 {[%emt 0:00:00]} 2. Nf3 {[%emt 0:00:00]} e6 {[%emt 0:00:25]} 3. d4 {[%emt 0:00:00]} cxd4 {[%emt 0:00:45]} 4. Nxd4 {[%emt 0:00:00]} Nc6 {[%emt 0:00:08]} 5. Nc3 {[%emt 0:00:04]} a6 {[%emt 0:00:21]} 6. Be3 {[%emt 0:03:18]} Qc7 {[%emt 0:00:35]} 7. Qf3 {[%emt 0:00:09]} Nf6 {[%emt 0:00:24]} 8. O-O-O {[%emt 0:00:17]} Nxd4 {[%emt 0:02:25]} 9. Bxd4 {[%emt 0:02:36]} e5 {[%emt 0:00:20]} 10. Be3 {[%emt 0:00:32]} d6 {[%emt 0:01:06]} 11. h3 {[%emt 0:00:58]} Be6 {[%emt 0:01:38]} 12. g4 {[%emt 0:00:33]} Rc8 {[%emt 0:03:03]} 13. g5 {[%emt 0:07:03]} Nd7 {[%emt 0:01:38]} 14. Qg3 {[%emt 0:00:07]} Bxa2 {[%emt 0:03:05]} 15. f4 {[%emt 0:00:21]} exf4 {[%emt 0:11:48]} 16. Bxf4 {[%emt 0:00:07]} Ne5 {[%emt 0:00:38]} 17. Rh2 {[%emt 0:05:20]} Be6 {[%emt 0:04:04]} 18. Nd5 {[%emt 0:02:55]} Bxd5 {[%emt 0:07:50]} 19. exd5 {[%emt 0:02:37]} Be7 {[%emt 0:01:52]} 20. h4 {[%emt 0:04:23]} b5 {[%emt 0:14:02]} 21. Qa3 {[%emt 0:16:02]} Rd8 {[%emt 0:21:09]} 22. h5 {[%emt 0:12:20]} f6 {[%emt 0:07:31]} 23. h6 {[%emt 0:07:54]} g6 {[%emt 0:05:15]} 24. Rf2 {[%emt 0:11:09]} O-O {[%emt 0:01:51]} 25. Bh3 {[%emt 0:00:33]} fxg5 {[%emt 0:02:03]} 26. Be6+ {[%emt 0:00:56]} Kh8 {[%emt 0:01:09]} 27. Bxe5+ {[%emt 0:00:20]} dxe5 {[%emt 0:00:12]} 28. Rxf8+ {[%emt 0:00:06]} Bxf8 {[%emt 0:00:32]} 29. Qxa6 {[%emt 0:00:38]} Qd6 {[%emt 0:05:05]} 30. Qxb5 {[%emt 0:02:13]} Bxh6 {[%emt 0:01:02]} 31. Rh1 {[%emt 0:02:06]} Bg7 {[%emt 0:01:31]} 32. Qd3 {[%emt 0:04:39]} e4 {[%emt 0:00:58]} 33. Qxe4 {[%emt 0:01:14]} Qf4+ {[%emt 0:01:09]} 34. Qxf4 {[%emt 0:00:07]} gxf4 {[%emt 0:00:07]} 1/2-1/2

[Event "Fagernes GM Swiss 2020"]
[Site "Fagernes"]
[Date "2020.10.06"]
[Round "4.20"]
[White "Tenold, Andreas"]
[Black "Flatebo, Hallvard Haug"]
[Result "1-0"]
[WhiteElo "1935"]
[BlackElo "1877"]
[Annotator "ChessBase"]
[PlyCount "61"]
[EventDate "2020.10.04"]
[EventType "swiss"]
[EventCountry "NOR"]
[SourceTitle "playchess.com"]
[Source "ChessBase"]
[SourceQuality "1"]
[TimeControl "40/6000+30:2400+30"]

1. d4 {[%emt 0:01:24]} e6 {[%emt 0:00:00]} 2. c4 {[%emt 0:00:43]} Nf6 {[%emt 0:00:00]} 3. Nc3 {[%emt 0:00:12]} Bb4 {[%emt 0:00:04]} 4. f3 {[%emt 0:00:12]} d5 {[%emt 0:00:15]} 5. a3 {[%emt 0:00:22]} Bxc3+ {[%emt 0:00:07]} 6. bxc3 {[%emt 0:00:10]} O-O {[%emt 0:00:35]} 7. cxd5 {[%emt 0:00:28]} exd5 {[%emt 0:00:06]} 8. e3 {[%emt 0:00:36]} c5 {[%emt 0:00:59]} 9. Bd3 {[%emt 0:01:20]} Nc6 {[%emt 0:01:43]} 10. Ne2 {[%emt 0:01:15]} cxd4 {[%emt 0:06:14]} 11. cxd4 {[%emt 0:02:09]} Re8 {[%emt 0:04:46]} 12. O-O {[%emt 0:00:31]} Be6 {[%emt 0:07:50]} 13. Ng3 {[%emt 0:08:42]} Qd7 {[%emt 0:04:00]} 14. Bb2 {[%emt 0:08:13]} Rad8 {[%emt 0:05:33]} 15. Qd2 {[%emt 0:06:39]} Qd6 {[%emt 0:05:41]} 16. Rad1 {[%emt 0:02:23]} Bc8 {[%emt 0:06:02]} 17. Qf2 {[%emt 0:05:02]} h5 {[%emt 0:06:13]} 18. Bb1 {[%emt 0:15:57]} Qe7 {[%emt 0:03:30]} 19. e4 {[%emt 0:20:23]} h4 {[%emt 0:04:42]} 20. Ne2 {[%emt 0:00:29]} dxe4 {[%emt 0:04:25]} 21. fxe4 {[%emt 0:01:15]} Nxe4 {[%emt 0:23:02]} 22. Bxe4 {[%emt 0:02:14]} Qxe4 {[%emt 0:00:40]} 23. Qxf7+ {[%emt 0:01:17]} Kh8 {[%emt 0:00:14]} 24. Rf4 {[%emt 0:11:42]} Qh7 {[%emt 0:01:18]} 25. d5 {[%emt 0:04:09]} Ne5 {[%emt 0:01:28]} 26. Qc7 {[%emt 0:02:45]} Qh5 {[%emt 0:04:26]} 27. Bxe5 {[%emt 0:06:07]} Qxe5 {[%emt 0:00:06]} 28. Qf7 {[%emt 0:01:25]} Qg5 {[%emt 0:02:32]} 29. Rdd4 {[%emt 0:00:30]} Bg4 {[%emt 0:03:11]} 30. Rxg4 {[%emt 0:01:18]} Qe3+ {[%emt 0:00:06]} 31. Kh1 {[%emt 0:01:04]} 1-0

[Event "Fagernes GM Swiss 2020"]
[Site "Fagernes"]
[Date "2020.10.06"]
[Round "4.21"]
[White "Melaa, Sondre"]
[Black "Grover, Sigurd Loe"]
[Result "1/2-1/2"]
[WhiteElo "2210"]
[BlackElo "2145"]
[Annotator "TA"]
[PlyCount "82"]
[EventDate "2020.10.04"]
[EventType "swiss"]
[EventCountry "NOR"]
[SourceTitle "playchess.com"]
[Source "ChessBase"]
[SourceQuality "1"]

{[%evp 22,82,18,13,16,8,9,16,11,11,27,23,25,24,25,24,33,35,32,46,50,3,1,5,8,3,7,0,20,20,22,17,21,25,24,14,12,10,14,0,0,0,0,0,0,0,0,-4,0,0,0,0,0,0,0,0,0,0,0,0,0,0,0]} 1. e4 e6 2. d4 d5 3. Nd2 c5 4. exd5 exd5 5. Ngf3 Nf6 6. Bb5+ Bd7 7. Bxd7+ Nbxd7 8. O-O Be7 9. Re1 O-O 10. dxc5 Nxc5 11. Nf1 Re8 12. Be3 Qd7 {C08: French Tarrasch: 3...c5 4 exd5 exd5 sidelines.} 13. Bd4 Ne6 14. Be5 {[#]} Rad8 $146 ({Predecessor:} 14... Ng4 15. Bg3 Rad8 16. c3 Nh6 17. Qd3 Bf6 18. Be5 Ng4 19. Bxf6 Nxf6 20. Nd4 a6 {½-½ (61) Marquardt,G (2338)-Ghyssens,D (2300) ICCF email 2010}) 15. Ne3 Nc5 16. c3 Nce4 17. h3 Bc5 18. Bd4 b6 19. Qe2 Nh5 20. Ne5 Nf4 21. Nxd7 (21. Qf3 $5 {[%cal Re5d7]} Rxe5 22. Qxf4 $14) 21... Nxe2+ 22. Rxe2 {[#] Strongly threatening Ne5.} Bxd4 23. cxd4 {Threatens to win with Ne5.} Rxd7 24. Rc1 Nf6 25. Rec2 g6 26. Rc7 {With the idea Ng4.} Ree7 27. Rxd7 Rxd7 $11 {[%mdl 4096] Endgame KRN-KRN} 28. g4 h5 {The position is equal.} 29. g5 Ne4 30. h4 Kg7 31. f3 Nd6 $1 32. Nxd5 Ne8 33. Nc3 Rxd4 34. Ne4 Rd7 35. Kf2 f5 36. gxf6+ (36. Nc3 {seems wilder.} Nc7 37. Ne2 Ne6 38. Rc2 Kf7 39. Kg3) 36... Nxf6 37. Nxf6 Kxf6 {KR-KR} 38. Kg3 Rd2 39. Rc7 Rxb2 40. Rxa7 Ke5 41. a4 Rb4 {Accuracy: White = 96%, Black = 100%.} 1/2-1/2

[Event "Fagernes GM Swiss 2020"]
[Site "Fagernes"]
[Date "2020.10.06"]
[Round "4.22"]
[White "Bjerke, Richard"]
[Black "Kvendseth, Thyra"]
[Result "1-0"]
[WhiteElo "2144"]
[BlackElo "2017"]
[Annotator "ChessBase"]
[PlyCount "89"]
[EventDate "2020.10.04"]
[EventType "swiss"]
[EventCountry "NOR"]
[SourceTitle "playchess.com"]
[Source "ChessBase"]
[SourceQuality "1"]
[TimeControl "40/6000+30:2400+30"]

1. Nf3 {[%emt 0:00:00]} Nf6 {[%emt 0:00:00]} 2. c4 {[%emt 0:00:00]} g6 {[%emt 0:00:00]} 3. b3 {[%emt 0:00:12]} Bg7 {[%emt 0:00:09]} 4. Bb2 {[%emt 0:00:08]} c5 {[%emt 0:01:51]} 5. g3 {[%emt 0:00:30]} Nc6 {[%emt 0:00:24]} 6. Bg2 {[%emt 0:00:41]} d6 {[%emt 0:02:32]} 7. d4 {[%emt 0:02:28]} O-O {[%emt 0:02:46]} 8. d5 {[%emt 0:05:29]} Nb8 {[%emt 0:01:44]} 9. O-O {[%emt 0:00:58]} Na6 {[%emt 0:04:41]} 10. Nc3 {[%emt 0:05:00]} Nc7 {[%emt 0:03:03]} 11. Qd2 {[%emt 0:02:14]} a6 {[%emt 0:03:00]} 12. e4 {[%emt 0:05:33]} b5 {[%emt 0:00:58]} 13. e5 {[%emt 0:03:09]} Ng4 {[%emt 0:08:10]} 14. exd6 {[%emt 0:03:33]} exd6 {[%emt 0:00:32]} 15. Ne4 {[%emt 0:00:53]} f6 {[%emt 0:04:10]} 16. h3 {[%emt 0:07:37]} Ne5 {[%emt 0:03:51]} 17. Nxe5 {[%emt 0:01:15]} fxe5 {[%emt 0:00:18]} 18. Rad1 {[%emt 0:03:17]} Ra7 {[%emt 0:02:23]} 19. Qa5 {[%emt 0:03:47]} Rb7 {[%emt 0:05:34]} 20. Bc3 {[%emt 0:07:33]} Rb8 {[%emt 0:13:56]} 21. b4 {[%emt 0:04:28]} bxc4 {[%emt 0:05:23]} 22. bxc5 {[%emt 0:01:07]} dxc5 {[%emt 0:11:46]} 23. Qxc5 {[%emt 0:03:54]} Bd7 {[%emt 0:06:30]} 24. Ba5 {[%emt 0:03:39]} Rc8 {[%emt 0:00:43]} 25. Qxc4 {[%emt 0:16:12]} Nb5 {[%emt 0:05:04]} 26. Qb4 {[%emt 0:00:55]} Qe8 {[%emt 0:01:20]} 27. a4 {[%emt 0:04:12]} Nd4 {[%emt 0:00:49]} 28. Nd6 {[%emt 0:02:00]} Qe7 {[%emt 0:00:39]} 29. Nxc8 {[%emt 0:00:44]} Qxb4 {[%emt 0:00:02]} 30. Bxb4 {[%emt 0:00:03]} Rxc8 {[%emt 0:00:11]} 31. a5 {[%emt 0:02:27]} Bb5 {[%emt 0:04:22]} 32. d6 {[%emt 0:02:38]} Bf8 {[%emt 0:01:47]} 33. Rfe1 {[%emt 0:01:01]} Bg7 {[%emt 0:01:29]} 34. Kh2 {[%emt 0:01:56]} Bd7 {[%emt 0:00:55]} 35. Bd5+ {[%emt 0:01:31]} Kh8 {[%emt 0:00:16]} 36. Rc1 {[%emt 0:02:20]} Rf8 {[%emt 0:02:15]} 37. Kg2 {[%emt 0:01:57]} Nb5 {[%emt 0:02:11]} 38. Bb7 {[%emt 0:02:01]} Bh6 {[%emt 0:01:23]} 39. Rc5 {[%emt 0:03:19]} Rb8 {[%emt 0:01:03]} 40. Bc6 {[%emt 0:02:33]} Nxd6 {[%emt 0:02:02]} 41. Bxd7 {[%emt 0:40:25]} Rxb4 {[%emt 0:40:05]} 42. Rexe5 {[%emt 0:01:36]} Rb7 {[%emt 0:01:12]} 43. Bg4 {[%emt 0:02:28]} Ra7 {[%emt 0:03:15]} 44. Re6 {[%emt 0:01:09]} Bf8 {[%emt 0:00:28]} 45. Rc6 {[%emt 0:00:31]} 1-0

[Event "Fagernes GM Swiss 2020"]
[Site "Fagernes"]
[Date "2020.10.06"]
[Round "4.23"]
[White "Machlik, Monika"]
[Black "Fuglestein, Sander"]
[Result "1-0"]
[WhiteElo "2082"]
[BlackElo "2109"]
[Annotator "TA"]
[PlyCount "111"]
[EventDate "2020.10.04"]
[EventType "swiss"]
[EventCountry "NOR"]
[SourceTitle "playchess.com"]
[Source "ChessBase"]
[SourceQuality "1"]

{[%evp 24,111,131,102,100,101,118,83,90,65,106,76,101,48,93,85,106,64,138,100,104,91,138,149,144,144,157,16,170,137,229,157,191,116,133,110,152,129,229,228,249,239,260,205,215,220,206,132,165,60,99,119,145,98,148,165,161,129,129,129,129,129,129,122,175,147,168,156,160,55,315,223,229,128,357,351,435,404,754,724,676,735,681,674,1296,1289,1169,1129,1525,1431]} 1. d4 Nf6 2. c4 e6 3. Nc3 d5 4. cxd5 exd5 5. Bg5 Be7 6. e3 O-O 7. Qc2 Re8 8. Bd3 Nbd7 9. Nf3 c6 10. O-O Ne4 11. Bxe4 Bxg5 12. Bxh7+ Kh8 13. Bf5 g6 {D36: Queen's Gambit Declined: Exchange Variation: Main line (5 Bg5 c6 6 Qc2).} 14. Bd3 Kg7 {[#]} 15. e4 $146 ({Predecessor:} 15. b4 Be7 16. b5 Bd6 17. bxc6 bxc6 18. h3 Nf6 19. Na4 Rh8 20. Ne5 Bd7 21. f4 Qc8 22. Bxg6 {1-0 (22) Kaposztas,M (2300)-Drvota,A (2370) Karvina 1982}) 15... dxe4 {White is better.} 16. Bxe4 Nb6 17. Rfe1 Bf4 18. Bd3 (18. g3 $16 Bh6 19. h4) 18... Rh8 {Hoping for ...Bxh2+!} 19. g3 Bc7 20. Ne5 Rh6 (20... Nd7 $14) 21. Rad1 Bh3 22. Qd2 {Nxf7! is the strong threat.} Bxe5 23. dxe5 Qe7 24. Qe3 Rah8 25. Rd2 ({White should try} 25. f4 $16) 25... Be6 $2 (25... Bf5 $1 $11) 26. f3 $36 {[%mdl 2048] White has strong initiative.} c5 (26... Rh5 $16 27. f4 g5) 27. Ree2 Rh5 28. b3 (28. f4 $18) 28... c4 $16 29. Bc2 Rc8 30. f4 Qa3 {[#]} (30... cxb3 $16 31. Bxb3 (31. axb3 Qb4 $16) 31... Nc4 32. Bxc4 Rxc4) 31. Nb5 $1 $18 {[%cal Rb5a3]} Qa5 32. Nd6 cxb3 33. axb3 ({Don't blunder} 33. Nxc8 $2 bxa2 34. Rd1 a1=Q $19) 33... Rc3 34. Qf2 {aiming for f5.} Nd5 35. Nc4 Qa6 36. Qe1 (36. Re1 $18) 36... b5 37. Nd6 {[%cal Bc4d6,Bd6e4,Be4f6][%mdl 32]} Qc6 38. Ne4 Qb6+ 39. Qf2 Re3 40. Nf6 Rh8 {With the idea ...Rxe2.} 41. Nxd5 Rxe2 42. Nxb6 (42. Qxb6 Rxd2 43. Qxb5 Rhxh2 $17) 42... Rxf2 43. Kxf2 axb6 $16 {[%mdl 4096] Endgame KRB-KRB} (43... Rxh2+ $16 44. Ke3 Rxd2 45. Kxd2 axb6) 44. Ke3 Rc8 45. Bd1 b4 46. g4 (46. Rd3 $16) 46... Kf8 $2 {[%mdl 8192]} (46... Rh8 $1 $14) 47. Rd3 Ke7 {[#]} 48. h3 ({White must play} 48. h4 $1 $18) 48... Ra8 $2 (48... Rh8 $16) 49. Ke4 $18 Ra2 50. f5 gxf5+ (50... Bd7 $142 51. Rd6 Rh2) 51. gxf5 {White is clearly winning.} Bc8 52. f6+ Ke8 53. Bg4 Bb7+ 54. Kf4 Rf2+ 55. Kg5 Be4 56. Rd4 {Accuracy: White = 48%, Black = 38%.} 1-0

[Event "Fagernes GM Swiss 2020"]
[Site "Fagernes"]
[Date "2020.10.07"]
[Round "5.1"]
[White "Holm, Kristian Stuvik"]
[Black "Agdestein, Simen"]
[Result "1/2-1/2"]
[WhiteElo "2465"]
[BlackElo "2552"]
[Annotator "TA"]
[PlyCount "93"]
[EventDate "2020.10.04"]
[EventType "swiss"]
[EventCountry "NOR"]
[SourceTitle "playchess.com"]
[Source "ChessBase"]
[SourceQuality "1"]

{[%evp 10,93,62,56,74,81,68,62,67,59,63,65,52,39,74,61,79,66,69,39,45,11,34,15,11,16,17,31,20,8,164,147,182,204,175,188,173,56,81,81,62,63,68,43,34,42,45,6,11,6,15,0,0,0,0,0,0,0,0,0,0,0,0,0,0,0,0,0,0,0,0,0,0,0,0,0,0,0,0,0,0,0,0,0,0,0]} 1. e4 Nf6 2. e5 Nd5 3. d4 d6 4. Nf3 c6 5. c4 Nc7 6. Nc3 Bg4 {With the idea ...dxe5. B04: Alekhine's Defence: 4 Nf3.} 7. exd6 exd6 8. Be2 Be7 {White is slightly better.} 9. O-O O-O 10. h3 Bh5 11. d5 c5 12. Bf4 {[#]} f5 $146 ({Predecessor:} 12... Nd7 13. Re1 Ne8 14. Qd2 a6 15. a3 Bxf3 16. Bxf3 Bf6 17. Bg4 Ne5 18. Be2 Ng6 {½-½ (35) Pap,M (2487)-Sergeev,V (2450) Bayerisch Eisenstein 2016}) 13. Rb1 g5 14. Be3 Nd7 15. b4 {next bxc5 is good for White.} Bf6 16. bxc5 Bxf3 $1 17. Bxf3 Bxc3 18. cxd6 Na6 $1 {[%cal Ra6c5] And now ...Nac5 would win.} 19. Rxb7 Ndc5 $2 {[#]} (19... Be5 $11 {and Black stays safe.}) 20. Rc7 $1 $18 {[%mdl 512]} Rc8 {[#]} ({Not} 20... Qxd6 $2 21. Rc6 $18) (20... Nxc7 21. dxc7) 21. Rxc8 $1 Qxc8 22. Bxg5 Bf6 23. Bf4 (23. Qd2 $18) 23... Nb4 $14 24. Qd2 Nbd3 25. Bh6 Rd8 26. Bg5 Rxd6 27. Bxf6 Rxf6 28. Qc3 Qd8 {The position is equal.} 29. Rd1 Nf4 30. Rb1 Rb6 31. Rxb6 Qxb6 32. Qe5 Qb1+ 33. Kh2 Ng6 34. Qc7 Qb6 35. Qc8+ Kg7 36. Qxf5 Qb2 37. Qc8 Qxf2 38. Qc7+ Kh6 39. Qxa7 Qd4 40. Qc7 Nd3 41. Qg3 Nde5 42. Be2 Nxc4 43. Bxc4 Qxc4 44. Qe3+ Kg7 45. Qa7+ Kh6 46. Qe3+ Kg7 47. Qa7+ {Accuracy: White = 84%, Black = 85%.} 1/2-1/2

[Event "Fagernes GM Swiss 2020"]
[Site "Fagernes"]
[Date "2020.10.07"]
[Round "5.2"]
[White "Urkedal, Frode Olav Olsen"]
[Black "Postny, Evgeny"]
[Result "1/2-1/2"]
[WhiteElo "2549"]
[BlackElo "2603"]
[Annotator "TA"]
[PlyCount "121"]
[EventDate "2020.10.04"]
[EventType "swiss"]
[EventCountry "NOR"]
[SourceTitle "playchess.com"]
[Source "ChessBase"]
[SourceQuality "1"]

{[%evp 13,120,11,34,21,18,39,18,11,27,13,35,18,19,10,14,17,45,38,43,46,53,62,41,50,68,69,77,82,85,84,87,89,129,129,129,129,129,129,129,129,129,129,133,138,126,138,133,140,133,129,124,124,160,160,152,121,135,129,140,108,108,106,216,211,289,224,224,224,268,260,206,56,276,256,385,368,377,322,364,369,235,82,42,24,24,91,48,0,0,0,0,0,0,0,0,0,0,0,0,0,0,0,0,0,0,0,0,0,0]} 1. d4 Nf6 2. c4 e6 3. Nf3 b6 4. g3 Ba6 5. Nbd2 Bb4 6. Qc2 Bb7 7. Bg2 c5 8. O-O {E15: Queen's Indian: 4 g3 sidelines, 4 g3 Ba6 and 4 g3 Bb7 early deviations.} cxd4 9. Nxd4 Bxg2 10. Kxg2 Qc8 11. b3 {[#]} Nc6 $146 ({Predecessor:} 11... O-O 12. Bb2 Nc6 13. N4f3 Be7 14. Rac1 Qb7 15. Qb1 Rfd8 16. e4 d6 17. Kg1 a6 {0-1 (42) Limp,E (2447)-Di Berardino,D (2312) Sao Paulo 2005}) 12. N4f3 Be7 13. Bb2 Qb7 14. Ne4 Nb4 15. Nxf6+ Bxf6 16. Qd2 {Black must now prevent Bxf6.} Bxb2 17. Qxb2 O-O 18. Rfd1 a5 19. a3 Nc6 20. Rd6 f6 21. Rad1 Rf7 22. Kg1 Rc8 23. Qd2 Rc7 24. Nd4 Nxd4 25. Qxd4 Rc6 26. a4 Rxd6 27. Qxd6 $16 {[%mdl 4096] Endgame KQR-KQR} h6 28. f3 Qa7 29. Kg2 Qb7 30. Rd3 g5 31. Qd4 Kg7 32. h4 Re7 33. Qd6 Kf7 34. hxg5 hxg5 35. Rd1 {Hoping for Rh1.} Qc6 36. Qd3 f5 37. Qc3 {Threatens to win with Qh8.} e5 {[#]} (37... Kg6 $16) 38. Rd5 $1 $18 Qe6 39. Qd3 e4 40. fxe4 Qxe4+ 41. Qxe4 Rxe4 {KR-KR} 42. Kf2 ({Not} 42. Rxd7+ Ke6 $14) (42. Rxf5+ $18 Kg6 43. Rd5) 42... Kf6 $2 (42... f4 $1 $14) 43. Rxd7 Re6 (43... f4 {was necessary.} 44. Rd6+ Kf5) 44. Rd5 Rc6 45. Rb5 Kg6 46. Kf3 Re6 {[#]} 47. c5 $2 (47. e3 $1 $18 {is the precise move to win.}) 47... bxc5 $16 48. Rxc5 Rb6 49. Rb5 (49. Rc3 $11) 49... Rc6 50. e3 (50. Rxa5 Rc3+ 51. e3 Rxb3 $16) (50. Kg2 $5 {[%cal Rb5a5]} Rc2 51. Rxa5 Rxe2+ 52. Kf3 $16) 50... Rc3 {The position is equal.} 51. Rxa5 {Strongly threatening Ra6+.} Rxb3 52. Ra6+ Kh5 53. a5 Rb1 54. Rf6 Rb5 $1 55. Ra6 Rb1 56. Rf6 Rb5 $1 57. a6 {And now Rf8 would win.} Ra5 58. g4+ fxg4+ 59. Kg2 Ra2+ 60. Kg3 Rxa6 61. Rxa6 {Black escapes into a draw. Accuracy: White = 80%, Black = 74%.} 1/2-1/2

[Event "Fagernes GM Swiss 2020"]
[Site "Fagernes"]
[Date "2020.10.07"]
[Round "5.3"]
[White "Unneland, Mathias"]
[Black "Notkevich, Benjamin Arvola"]
[Result "1-0"]
[WhiteElo "2149"]
[BlackElo "2482"]
[Annotator "TA"]
[PlyCount "67"]
[EventDate "2020.10.04"]
[EventType "swiss"]
[EventCountry "NOR"]
[SourceTitle "playchess.com"]
[Source "ChessBase"]
[SourceQuality "1"]

{[%evp 12,67,23,39,54,54,73,56,76,61,66,18,111,95,97,115,120,4,60,29,25,0,0,0,0,-4,0,0,8,-9,-6,-10,0,0,0,0,0,0,0,0,160,80,119,124,105,65,152,165,500,497,533,520,1438,1419,1407,1281,1284,1176]} 1. d4 Nf6 2. c4 e6 3. Nf3 c5 4. d5 b5 5. dxe6 fxe6 6. cxb5 d5 {6...a6 is more advanced technology.} 7. Nc3 Nbd7 {E10: Blumenfeld Gambit.} 8. e4 {[%cal Re4d5]} d4 9. Na4 Bd6 {[#] White is slightly better.} 10. Bd3 $146 ({Predecessor:} 10. b4 Bb7 11. bxc5 Nxc5 12. e5 Bxf3 13. gxf3 Nxa4 14. exd6 Qa5+ 15. Bd2 Nc3 16. Bc4 {½-½ (44) Prozorovsky,V (2404)-Ivanov,B (2426) ICCF email 2017}) 10... O-O {[#]} 11. b4 $1 {[%mdl 512]} Bb7 (11... c4 $11 {remains equal.} 12. Bxc4 Bxb4+ 13. Kf1 Nb6) (11... cxb4 12. Nxd4) 12. bxc5 $1 $16 Nxc5 13. Nxc5 Bxc5 {[#]} 14. O-O (14. Qe2 $1 $16) 14... Bxe4 (14... Nxe4 $11 15. Qe2 Qd5) 15. Bxe4 Nxe4 16. Qe2 Qd5 {And now ...d3 would win.} 17. Re1 Nc3 18. Qxe6+ Qxe6 19. Rxe6 Rae8 20. Re5 Rxe5 21. Nxe5 d3 22. Nxd3 Rd8 23. Nb2 Bd4 {aiming for ...Nxa2!} 24. Kf1 Rf8 25. f3 Re8 $2 {[#]} ({Black should play} 25... Na4 $11) 26. Nd3 ({White should try} 26. a4 $1) 26... Re2 27. a4 {[%cal Ba2a4,Ba4a5,Ba5b6][%mdl 32]} Rc2 28. Ra3 Kf7 (28... Bc5 $1 $14) 29. Rb3 Bf6 $2 (29... Nd5 {is tougher.} 30. a5 g6) 30. a5 $18 {White is clearly winning.} Ne2 31. Be3 Rc3 (31... Nd4 $142) 32. Rxc3 Nxc3 33. b6 axb6 34. axb6 {Accuracy: White = 69%, Black = 53%.} 1-0

[Event "Fagernes GM Swiss 2020"]
[Site "Fagernes"]
[Date "2020.10.07"]
[Round "5.4"]
[White "Haug, Johannes"]
[Black "Hobber, Anders"]
[Result "1/2-1/2"]
[WhiteElo "2481"]
[BlackElo "2386"]
[Annotator "TA"]
[PlyCount "55"]
[EventDate "2020.10.04"]
[EventType "swiss"]
[EventCountry "NOR"]
[SourceTitle "playchess.com"]
[Source "ChessBase"]
[SourceQuality "1"]

{[%evp 11,55,13,8,0,0,0,4,0,8,0,0,0,11,9,3,12,5,0,0,0,0,0,0,0,-9,-6,9,9,1,6,12,0,11,1,0,0,8,6,21,0,11,12,0,0,0,0]} 1. Nf3 d5 2. e3 Nf6 3. c4 c6 4. Nc3 g6 5. cxd5 cxd5 6. d4 Bg7 {The position is equal.} 7. Qb3 {D94: Grünfeld: 4 Nf3 Bg7 5 e3.} O-O 8. Be2 Nc6 9. O-O Na5 10. Qb4 Nc6 11. Qb3 Na5 12. Qa3 Bg4 13. h3 Bxf3 14. Bxf3 {[#]} e6 $146 ({Predecessor:} 14... Rc8 15. Be2 a6 16. Qb4 b5 17. a4 Nc6 18. Qb3 b4 19. Nb1 a5 20. Nd2 Qd6 21. Qd1 e5 22. Nb3 Nd7 {1-0 (33) Voloshin,L (2410)-Polko,J (2275) Slovakia 1994}) 15. b3 Nc6 16. Rd1 Re8 17. Bd2 Bf8 18. Qb2 Nd7 19. Na4 b5 20. Nc3 Qb6 21. Be1 Nf6 22. Be2 a6 23. Rdc1 Rec8 24. Bd3 Bd6 25. Ne2 Nb4 26. Rxc8+ Rxc8 27. Bxb4 Bxb4 28. Rc1 {Not much happened in this game. Accuracy: White = 100%, Black = 100%.} 1/2-1/2

[Event "Fagernes GM Swiss 2020"]
[Site "Fagernes"]
[Date "2020.10.07"]
[Round "5.5"]
[White "Miezis, Normunds"]
[Black "Starostits, Ilmars"]
[Result "1/2-1/2"]
[WhiteElo "2485"]
[BlackElo "2464"]
[Annotator "TA"]
[PlyCount "21"]
[EventDate "2020.10.04"]
[EventType "swiss"]
[EventCountry "NOR"]
[SourceTitle "playchess.com"]
[Source "ChessBase"]
[SourceQuality "1"]

{[%evp 14,21,-14,-19,0,-10,-8,-15,-8,-8]} 1. c4 e6 2. e4 d5 3. exd5 exd5 4. d4 Nf6 5. Nf3 Bb4+ 6. Bd2 Bxd2+ 7. Nbxd2 O-O 8. Be2 {The position is equal.} c6 {A51: Budapest Gambit, Fajarowicz Variation.} (8... Nc6 9. O-O dxc4 10. Nxc4 Bf5 11. Nce5 Be4 12. Rc1 Qd6 13. Bb5 Ne7 14. Re1 Ned5 15. Bf1 Rad8 16. Nd2 Bg6 17. Ndc4 Qa6 {1-0 (51) Miezis,N (2527)-Starostits,I (2474) Tallinn 2005}) 9. O-O dxc4 10. Nxc4 Be6 11. Re1 {A rather calm draw.} 1/2-1/2